000
003020000a22001450004500
003
MACL
040
_a
MACL
090
_c
33847
_d
33845
100
_a
Morrison, Michal
245
_a
MFC
260
_b
Sama Techmedia
_c
1999
350
_a
180
650
_a
Computer probraming
942
_c
BOOK
_k
005.133/Mor
999
_c
33492
_d
33492